banner-ar

MARK TWAIN'S OWN AUTOBIOGRAPHZ THE CHAPTERS FROM THE NORTH AMERICAN REVIEW / (Record no. 19342)

MARC details
000 -الفاتح
حقل البيانات ثابتة الطول 00583nam a2200193Ia 4500
008 - عناصر البيانات ثابتة الطول - معلومات عامة
حقل البيانات ثابتة الطول 140319s9999 xx 000 0 eng d
040 ## - مصدر الفهرسة
وكالة الفهرسة الأصلية GCL /
وكالة النسخ GCL
082 04 - رقم تصنيف ديوى العشرى
رقم التصنيف 813.4
رقم المادة K M
100 1# - المدخل الرئيسى - إسم شخصى
الإسم الشخصى KISKIS, MICHAEL J
245 10 - بيان العنوان
العنوان MARK TWAIN'S OWN AUTOBIOGRAPHZ THE CHAPTERS FROM THE NORTH AMERICAN REVIEW /
بيان المسئوليه,etc KISKIS, MICHAEL J
260 ## - PUBLICATION, DISTRIBUTION, ETC. (IMPRINT)
تاريخ النشر أو التوزيع 1990
650 04 - المدخل الاضافى بالموضوع-مصطلح موضوعى
مصطلح موضوعي نايل سات
650 04 - المدخل الاضافى بالموضوع-مصطلح موضوعى
مصطلح موضوعي BIOGRAPHY
650 04 - المدخل الاضافى بالموضوع-مصطلح موضوعى
مصطلح موضوعي TWAIN, MARK 1935-1910
650 04 - المدخل الاضافى بالموضوع-مصطلح موضوعى
مصطلح موضوعي AUTHORS AMERICAN
650 04 - المدخل الاضافى بالموضوع-مصطلح موضوعى
مصطلح موضوعي HUMORISTS, AMERICAN
942 ## - عناصر المدخل الإضافي( كوها)
مصدر التصنيف او مخطط الترفيف Dewey Decimal Classification
Koha [default] item type كتاب
260 ## - PUBLICATION, DISTRIBUTION, ETC. (IMPRINT)
-- [S.N] :
-- THE UNIVERSITY OF CHICAGS PRESS ،
Holdings
حالة التراجع حالة الفقد حالة تلف ليس للاعارة المكان المؤقت الموقع الحالى تاريخ الاكتساب اجمالي اﻻعارات رقم الطلب الباركود تاريخ اخر مشاهدة تاريخ تفعيل السعر نوع وعاء كوها
        مكتبة القاهرة الكبرى مكتبة القاهرة الكبرى 03/26/2014   813.4\K M 36925 03/26/2014 03/26/2014 كتاب

Powered By

EGPV